00492nam a2200193 a 4500001001300000003000900013005001700022008004100039020001000080082001300090100002400103245003900127260002800166300000800194500003500202505001900237650001800256700002400274nice12345678IN_TiNIC20260116011822.0050524s0000 egya grp 000 0 ara  ac10000a244bZAK aZaki, Anisa Muneera aJihad Jaleelah Fi Sabil Al-Fazilat aEgyptbNile Pressc0000 a89p aincludes index and biblioraphy2 aReserve copies aBible Stories1 aZaki, Anisa Muneera